000 00453nam a22001811a 4500
001 1001
003 OSt
005 20260204211717.0
008 040115s(19?||||xxu||||||b||||||||||spa||
050 _a650.1 M313s
082 _a650.1 M313s
100 _aMandino, O. G.
245 _aEl secreto más grande del mundo / O. G. Mandino
264 _aEstados Unidos de América : Diana
300 _a192 p.
650 _a1.Exito PersonalÌ
942 _2ddc
_cBK
999 _c1001
_d1001